000 00600nam a22001817a 4500
005 20251108164018.0
008 250721s1997 xx 000 0 ara d
082 1 4 _a962.02/لور
100 1 _aلورنس، هنري
245 1 0 _aالمملكة المتسحيلة :
_bفرنسا و تكوين العالم العربي الحديث /
264 1 _aالقاهرة :
_bسينا،
_c1997.
300 _a257ص
650 1 7 _aتاريخ مصر
650 1 7 _aالحملة الفرنسية على مصر1801-1798
700 1 _aالسباعي، بشير
_eترجمة
942 _2ddc
_cBK
999 _c1373
_d1373